000 00968nam a22002775i 4500
001 178524
003 ES-MaACL
005 20240510063147.0
008 110606s2009 sp |||| | spa d
020 _a978-84-7731-450-9
080 _a929-054.7(=1.460:899)
100 1 _aRomero Largo, Luis.
_9146949
245 1 4 _aUna historia del exilio español en Uruguay (1814-1978) /
_cLuis Romero Largo, Manuel Suárez González, Rogelio Martínez Barreiro.
260 _aMadrid :
_bEndymion,
_cD. L. 2009.
300 _a626 p. ;
_c21 cm.
490 1 _aEnsayos (Ediciones Endymion) ;
_v150
500 _aÍndice.
504 _aBibliografía: p. 591-599.
650 4 _aExiliados españoles-
_zUruguay.
_9146952
700 1 _aSuárez González, Manuel.
_9146950
700 1 _aMartínez Barreiro, Rogelio.
_9146951
830 0 _aEnsayos (Ediciones Endymion) ;
_v150
_9176614
852 _aES-MaACL
_jE-15280
942 _2udc
999 _c178524
_d178524